000
00329nam a22001337a 4500
020
_a
9788125034810
082
_a
294.543 SRI
100
_a
Srinivas Smriti
245
_a
In the Presence of Sai Baba
260
_a
Hyderabad
_b
orient Longman Private limited
_c
2008
300
_a
403
650
_a
Sprituality-Hinduism
942
_c
BK
999
_c
20196
_d
20196